000 00943nam a22003017a 4500
001 BR9902737
003 BR-BrBNA
005 20230928100253.0
007 ta
008 230509b bl.||||| |||| 00| 0 por d
040 _aBR-BrBNA
_bpor
_cBiblioteca Nacional de Agricultura
041 _a(Por)
072 _aE13
090 _ E13 BR9902737
100 1 _aGuidetti, J.C.S.
110 1 _aEscola Superior de Agricultura Luiz de Queiroz, Piracicaba, SP (Brasil)
_0Tese (Mestre em Ciencias)
245 1 _aRelacoes economicas entre custo de transacao de um banco privado e credito rural
260 3 _aPiracicaba, SP (Brasil):
_c1998.
300 _a85 p.
500 _aSummaries (Eng, Por); 30 ref.; 23 tables; 9 illus.
650 _aCredito Agricola
650 _aEconomia Agricola
650 _aPolitica Agricola
650 _aMetodo Estatistico
650 _aFinanciamento
909 _a202309
_bLucia
_c55
_dLucia Elande
942 _cBK
999 _c60775
_d60775